000 00488nam a2200181Ia 4500
005 20250508160217.0
008 008 250505s9999 xx 000 0 eng d
037 _aBooks to be hide in OPAC
040 _aFEDL
_beng
_cFEDL
041 _aeng
_2eng
084 _a370.973, UNI/O
_qFEDL
100 _aMahoney James
_9582601
245 0 _aSome foreign educational surveys
260 _c1915
300 _a39p.
942 _cHB
_h370.973, UNI/O
999 _c1362696
_d1362696